| 000 | 00707nam a2200217 a 4500 | ||
|---|---|---|---|
| 001 | 000003956 | ||
| 005 | 20200929150635.0 | ||
| 008 | 730717s1987 sp 000 0 spa | ||
| 020 | _a8476390645 | ||
| 040 |
_aDO-SdBNP _bspa _cBNPHU |
||
| 082 |
_a813.54 _bT238m |
||
| 100 | 1 |
_aTaylor, Peter, _d1930-1997 _911895 |
|
| 240 | 1 | 0 |
_aA woman of means. _lEspañol |
| 245 | 1 | 2 |
_aUna mujer de recursos / _cPeter taylor; traducción, David Palmer. |
| 260 |
_aBarcelona : _bMontesinos, _c1987. |
||
| 300 |
_a144 p. : _bil. ; _c20 cm. |
||
| 534 |
_aTítulo Original : _tA woman of means. |
||
| 650 | 4 |
_aNovela estadounidense _9262 |
|
| 650 | 4 |
_aLiteratura estadounidense _9263 |
|
| 700 | 1 |
_aPalmer, David _d1941- _etr. _911896 |
|
| 999 |
_c3775 _d3775 |
||